Statystyki dla Trasa Autobusu 157 Warszawa

Kliknij tutaj aby rozwiązać quiz!

Ogólne statystyki

  • Ten quiz został rozwiązany 6 razy
  • Średni wynik to 23 z 34

Statystyki odpowiedzi

UlicePrzystanki% Poprawnych
AndersaDworzec Gdański
100%
MickiewiczaGenerała Zajączka
100%
GwiaździstaGwiaździsta
100%
StawkiMuranowska
100%
MickiewiczaPlac Inwalidów
100%
Plac WilsonaPlac Wilsona
100%
MickiewiczaPlac Wilsona
100%
SmoczaSmocza
100%
StawkiStawki
100%
DickensaSzczęśliwice
100%
StawkiDzika
80%
PodleśnaGwiaździsta
80%
StawkiInflancka
80%
KlaudynyKlaudyny
80%
MickiewiczaMarymont-Potok
80%
ŻelaznaMennica
80%
Plac NarutowiczaPlac Narutowicza
80%
Aleje JerozolimskiePlac Starynkiewicza
80%
GrójeckaPlac Zawiszy
80%
ŻelaznaWola-Ratusz
80%
MickiewiczaBohomolca
60%
ŻelaznaChłodna
60%
SmoczaMiła
60%
MickiewiczaOs. Potok
60%
MickiewiczaRudzka
60%
SmoczaNowolipie
40%
OpaczewskaOpaczewska
40%
KopińskaWawelska
40%
OpaczewskaDobosza
20%
BiałobrzeskaHala Kopińska
20%
ŻelaznaNorblin
20%
BiałobrzeskaRokosowska
20%
KlaudynySobocka
20%
ŻelaznaSienna
0%

Rozkład punktacji

Percentyl według liczby udzielonych odpowiedzi

Procent ludzi z każdym wynikiem

Twoja historia wyników

Nie rozwiązałeś tego quizu